00784nam a22001937a 4500003000900000008004100009040007100050082001600121100002000137245006700157260005700224300003000281440005600311505008000367650003200447650005800479650002500537700002800562AR-CdUCM190306b ||||| |||| 00| 0 spa d aMUNICIPALIDAD PROVINCIAL DEL CUSCOcBIBLIOTECA MUNICIPAL DEL CUSCO a928 /bF39R aRamos, Raymundo aFernández de Lizardi y el nacimiento de la novela mexicana / aMéxico : bTalleres de Offset de la COFAA, c1977. a24 páginas ; c25.5 cm. aCuaderno Politécnicos de Ciencia y Cultura n : 2 aContenido: Para Agustín Yáñez: estilo de maestro y maestro de estilo. aNovela mexicana - Crítica aJosé Joaquín Fernández de Lizardi - Vida y obra aEscritores mexicanos aRangel Guerra, Alfonso